| Tag |
First Indicator |
Second Indicator |
Subfields |
| LEADER |
00000cam a2200000 i 4500 |
| 001 |
in00004450436 |
| 008 |
200810s2021 onca b 000 1 eng |
| 005 |
20250318220013.1 |
| 020 |
|
|
|a 9781554815630
|
| 020 |
|
|
|a 1554815630
|q paperback
|
| 035 |
|
|
|a (OCoLC)on1182851568
|
| 035 |
|
|
|a (OCoLC)1182851568
|
| 040 |
|
|
|a NLC
|b eng
|e rda
|c YDX
|d BDX
|d NLC
|d MNG
|d IUK
|d OCLCO
|d OCLCF
|d YDX
|d UtOrBLW
|
| 042 |
|
|
|a lac
|
| 043 |
|
|
|a n-usu--
|a n-us---
|
| 050 |
|
4 |
|a PS1999.H4226
|b H34 2021
|
| 055 |
|
0 |
|a PS1999.H4226
|b H34 2021
|
| 082 |
0 |
|
|a 813/.4
|2 23
|
| 084 |
|
|
|a cci1icc
|2 lacc
|
| 100 |
1 |
|
|a Hopkins, Pauline E.
|q (Pauline Elizabeth),
|e author.
|0 http://id.loc.gov/authorities/names/n87852520
|
| 245 |
1 |
0 |
|a Hagar's daughter :
|b a story of Southern caste prejudice /
|c Pauline Elizabeth Hopkins ; edited by John Cullen Gruesser and Alisha R. Knight.
|
| 264 |
|
1 |
|a Peterborough, Ontario :
|b Broadview Press,
|c [2021]
|
| 300 |
|
|
|a 366 pages :
|b illustrations (black and white) ;
|c 22 cm.
|
| 336 |
|
|
|a text
|b txt
|2 rdacontent
|
| 337 |
|
|
|a unmediated
|b n
|2 rdamedia
|
| 338 |
|
|
|a volume
|b nc
|2 rdacarrier
|
| 490 |
1 |
|
|a Broadview editions
|
| 500 |
|
|
|a Originally serialized in Colored American Magazine from 1901-1902.
|
| 520 |
|
|
|a "The novel itself features concealed and mistaken identities, dramatic revelations, and extraordinary plot twists. In Part 1, Maryland plantation heirs Hagar Sargeant and Ellis Enson fall in love, marry, and have a daughter. However, Ellis's covetous younger brother, St. Clair, claims that Hagar is of mixed-race ancestry, putting her and her infant in peril. When Ellis is presumed to be dead, St. Clair sells Hagar and her child into slavery, and they presumably die when Hagar, in despair, leaps into the Potomac River with her daughter. This is the backdrop for Part 2 (set twenty years later), which includes a high-profile murder trial, an abduction plot, and a steady succession of surprises as the young Black maid Venus Johnson assumes male clothing to solve a series of mysteries that are both current and decades-old. The appendices to this Broadview edition feature advertising for the original publication, other writing by Hopkins and her contemporaries, and reviews that situate the work within the popular literature and political culture of its time."--
|c Provided by publisher.
|
| 530 |
|
|
|a Issued also in electronic format.
|
| 650 |
|
0 |
|a Miscegenation
|z Southern States
|v Fiction.
|
| 650 |
|
0 |
|a American literature
|x African American authors.
|0 http://id.loc.gov/authorities/subjects/sh85004342
|
| 651 |
|
0 |
|a United States
|x Race relations
|v Fiction.
|
| 650 |
|
7 |
|a American literature
|x African American authors.
|2 fast
|0 (OCoLC)fst00807114
|
| 650 |
|
7 |
|a Miscegenation.
|2 fast
|0 (OCoLC)fst01023613
|
| 650 |
|
7 |
|a Race relations.
|2 fast
|0 (OCoLC)fst01086509
|
| 651 |
|
7 |
|a Southern States.
|2 fast
|0 (OCoLC)fst01244550
|
| 651 |
|
7 |
|a United States.
|2 fast
|0 (OCoLC)fst01204155
|
| 655 |
|
7 |
|a Fiction.
|2 fast
|0 (OCoLC)fst01423787
|
| 655 |
|
7 |
|a Historical fiction.
|2 fast
|0 (OCoLC)fst01726640
|
| 655 |
|
7 |
|a Historical fiction.
|2 lcgft
|0 http://id.loc.gov/authorities/genreForms/gf2014026370
|
| 700 |
1 |
|
|a Gruesser, John Cullen,
|d 1959-
|e editor.
|0 http://id.loc.gov/authorities/names/n91113235
|
| 700 |
1 |
|
|a Knight, Alisha R.,
|e editor.
|0 http://id.loc.gov/authorities/names/n2011074821
|
| 776 |
0 |
8 |
|i Online version:
|a Hopkins, Pauline E. (Pauline Elizabeth)
|t Hagar's daughter.
|d Peterborough : Broadview Editions, 2020
|z 1770487913
|z 9781770487918
|w (OCoLC)1200513034
|
| 830 |
|
0 |
|a Broadview editions.
|0 http://id.loc.gov/authorities/names/no2004069321
|
| 852 |
8 |
|
|b pda,print
|z This title is available for the library to purchase for your use. Click the "Purchase It For Me" button to place a request. This item may take 5-10 business days to arrive.
|
| 955 |
|
|
|a Print PDA title
|
| 999 |
f |
f |
|s 286929de-b730-44b6-b6e3-3df4276874ee
|i 2a49d59f-f974-375e-a6b9-53f72a958239
|t 0
|
| 952 |
f |
f |
|a Texas A&M University
|b College Station
|c Sterling C. Evans Library
|d Purchase on Demand
|t 0
|e PS1999.H4226 H34 2021
|h Library of Congress classification
|
| 998 |
f |
f |
|a PS1999.H4226 H34 2021
|t 0
|l Purchase on Demand
|